Machine Drawing (Record no. 354)

MARC details
000 -LEADER
fixed length control field 00355nam a2200157Ia 4500
008 - FIXED-LENGTH DATA ELEMENTS--GENERAL INFORMATION
fixed length control field 221030s9999 xx 000 0 und d
041 ## - LANGUAGE CODE
Language code of text/sound track or separate title
082 ## - DEWEY DECIMAL CLASSIFICATION NUMBER
Classification number 105.23
Item number Bha
100 ## - MAIN ENTRY--AUTHOR NAME
Personal name N. D. Bhatt
245 #0 - TITLE STATEMENT
Title Machine Drawing
260 ## - PUBLICATION, DISTRIBUTION, ETC. (IMPRINT)
Name of publisher Charotar Pub.
Place of publication Anand
Year of publication 2000
300 ## - PHYSICAL DESCRIPTION
Number of Pages 350
650 ## - SUBJECT ADDED ENTRY--TOPICAL TERM
Topical Term Mechanical
700 ## - ADDED ENTRY--PERSONAL NAME
Personal name V. M. Panchal
942 ## - ADDED ENTRY ELEMENTS (KOHA)
Koha item type Books
Holdings
Accession Number Cost, normal purchase price Full call number Price effective from Koha item type Withdrawn / writtenoff status Materials specified (bound volume or other part) Damaged status Not for loan Permanent Location Current Location Shelving location Date acquired Lost/ Missing status department
BE 2466 95.00 105.23 Bha 10/30/2022 Books   Print     MIET Library, Jammu MIET Library, Jammu BL-Academic Block B, FL-1, CUP-2, SH-1, R-1 02/01/2001   BE
BB 39 90.00 105.23 Bha 10/30/2022 Books   Print     MIET Library, Jammu MIET Library, Jammu BL-Second, FL-1, CUP-100, SH-3, R-3 06/19/2003   BB
BE 2465 125.00 105.23 Bha 10/30/2022 Books   Print   Not For Loan MIET Library, Jammu MIET Library, Jammu BL-Second, FL-1, CUP-1, SH-4, R-4 02/01/2001   BE
BE 2624 95.00 105.23 Bha 10/30/2022 Books   Print   Not For Loan MIET Library, Jammu MIET Library, Jammu BL-Second, FL-1, CUP-1, SH-5, R-5 03/01/2001   BE
BE 2467 95.00 105.23 Bha 10/30/2022 Books   Print     MIET Library, Jammu MIET Library, Jammu BL-Academic-block- A, FL-1, CUP-2, SH-2, R-2 02/01/2001   BE